Fotografie v odborné praxi /

Hlavní autor: Sedláček, Miloš, 1956-
Jazyk: Čeština
Vydáno: V Praze : České vysoké učení technické, [2014?]
Vydání: Vyd. 1.
Témata:
Fyzický popis: 102 s. : il. (některé barev.) ; 22 cm
Knihy
Uloženo v:
LEADER 01348nam a2200397 a 4500
001 nkc20142590280
003 CZ PrNK
005 20140613152933.0
007 ta
008 140516s2014 xr a e p 000 0 cze
015 |a cnb002590280 
020 |a 978-80-01-05497-0  |q (brož.) 
035 |a (OCoLC)883372842 
040 |a BOA001  |b cze  |d OLA001 
072 7 |a 77  |x Fotografie. Fotografické postupy  |2 Konspekt  |9 21 
072 7 |a 37.016  |x Učební osnovy. Vyučovací předměty. Učebnice  |2 Konspekt  |9 22 
080 |a 77.03/.08  |2 MRF 
080 |a 77  |2 MRF 
080 |a (07)  |2 MRF 
100 1 |a Sedláček, Miloš,  |d 1956-  |7 mzk2013769732  |4 aut 
245 1 0 |a Fotografie v odborné praxi /  |c Miloš Sedláček 
250 |a Vyd. 1. 
260 |a V Praze :  |b České vysoké učení technické,  |c [2014?] 
300 |a 102 s. :  |b il. (některé barev.) ;  |c 22 cm 
500 |a 300 výt. 
504 |a Obsahuje bibliografické odkazy 
650 0 7 |a fotografie  |7 ph114585  |2 czenas 
650 0 7 |a fotografování  |7 ph120331  |2 czenas 
650 0 9 |a photography  |2 eczenas 
655 7 |a učební texty  |7 fd133599  |2 czenas 
655 9 |a educational texts  |2 eczenas 
910 2 |a BOA001  |b 2-1327.367 
990 |a BK 
995 |a 01 
991 |b 201405  |c NOV  |e n 
996 6 |b 2610591836  |c 2-1327.367  |l MZK  |r Sklad / do 1 hodiny  |n 5  |p p.v.  |w 001419801  |u 000030  |a 1  |e BOA001  |j MZK50  |s P